[Event "DOM-ch"]
[Site "Santo Domingo"]
[Date "2018.04.29"]
[Round "8"]
[White "Rymer Paulino, Domini Wilfredo"]
[Black "Moore Guzman, Fernando Augusto"]
[Result "1-0"]
[WhiteElo "1921"]
[BlackElo "1976"]
[PlyCount "73"]
[EventDate "2018.04.20"]
[EventType "swiss"]
[EventRounds "11"]
[EventCountry "DOM"]
[SourceTitle "CBM 184 Extra"]
[Source "ChessBase"]
[SourceDate "2018.06.28"]
[SourceVersion "1"]
[SourceVersionDate "2018.06.28"]
[SourceQuality "1"]

1. e4 c6 2. d4 d5 3. Nc3 dxe4 4. Nxe4 Nf6 5. Nxf6+ gxf6 6. Bf4 Qb6 7. b3 Na6 8. Qd2 Bg4 9. f3 Bf5 10. Bc4 0-0-0 11. Be3 e6 12. c3 Rg8 13. g3 Nb4 14. Rc1 Nd5 15. Bxd5 exd5 16. Ne2 Qa6 17. Kf2 Re8 18. c4 Ba3 19. cxd5 Bxc1 20. Rxc1 Re7 21. dxc6 Rge8 22. Rc3 b5 23. b4 Rd8 24. d5 Re5 25. d6 Be6 26. d7+ Kc7 27. Bf4 Qxa2 28. Qxa2 Bxa2 29. Nd4 a6 30. Rc5 Be6 31. Bxe5+ fxe5 32. Rxe5 Kd6 33. f4 h6 34. f5 Bxd7 35. cxd7 Rxd7 36. Rc5 Ke7 37. Ke3 1-0

[Event "DOM-ch"]
[Site "Santo Domingo"]
[Date "2018.04.28"]
[Round "6"]
[White "Rymer Paulino, Domini Wilfredo"]
[Black "Zorrilla Jimenez, Wilber Edwin"]
[Result "0-1"]
[WhiteElo "1921"]
[BlackElo "2082"]
[PlyCount "76"]
[EventDate "2018.04.20"]
[EventType "swiss"]
[EventRounds "11"]
[EventCountry "DOM"]
[SourceTitle "CBM 184 Extra"]
[Source "ChessBase"]
[SourceDate "2018.06.28"]
[SourceVersion "1"]
[SourceVersionDate "2018.06.28"]
[SourceQuality "1"]

1. e4 d6 2. d4 Nf6 3. Nc3 g6 4. Be2 Bg7 5. Be3 a6 6. Qd2 0-0 7. Bh6 b5 8. a3 c5 9. Bxg7 Kxg7 10. Nf3 cxd4 11. Nxd4 Bb7 12. h4 h5 13. f3 e5 14. Nb3 Qc7 15. Rd1 Rd8 16. 0-0 Nc6 17. Qe3 Ne7 18. f4 Rac8 19. f5 Neg8 20. Rd2 d5 21. exd5 Bxd5 22. Nxd5 Nxd5 23. Rxd5 Rxd5 24. fxg6 fxg6 25. Bd3 Qe7 26. Qe4 Rd6 27. Nd2 Nh6 28. Nf3 Ng4 29. Ng5 Rf8 30. Rxf8 Kxf8 31. Qa8+ Kg7 32. Ne4 Rd8 33. Qc6 Rf8 34. Be2 Qa7+ 35. Kh1 Nf2+ 36. Kh2 Nxe4 37. Qxe4 Qd4 38. Qb7+ Rf7 0-1

[Event "DOM-ch"]
[Site "Santo Domingo"]
[Date "2018.04.27"]
[Round "5"]
[White "De Los Santos Nunez, Eddy"]
[Black "Rymer Paulino, Domini Wilfredo"]
[Result "1-0"]
[WhiteElo "2119"]
[BlackElo "1921"]
[PlyCount "97"]
[EventDate "2018.04.20"]
[EventType "swiss"]
[EventRounds "11"]
[EventCountry "DOM"]
[SourceTitle "CBM 184 Extra"]
[Source "ChessBase"]
[SourceDate "2018.06.28"]
[SourceVersion "1"]
[SourceVersionDate "2018.06.28"]
[SourceQuality "1"]

1. c4 Nf6 2. Nf3 g6 3. b3 Bg7 4. Bb2 b6 5. e4 d6 6. Be2 Bb7 7. d3 c5 8. Na3 Nc6 9. Nc2 0-0 10. 0-0 e6 11. Ne3 Ne7 12. Qc2 e5 13. g3 Bc8 14. Kg2 Ng4 15. Nxg4 Bxg4 16. Ng1 Be6 17. f4 Nc6 18. f5 Bd7 19. Qd2 Nd4 20. Bg4 f6 21. Bxd4 exd4 22. Qf4 g5 23. Qxd6 Re8 24. Bh5 Re5 25. Nf3 Bf8 26. Qxe5 fxe5 27. Nxe5 Be8 28. Bxe8 Qxe8 29. Ng4 Qc6 30. Kg1 h5 31. Ne5 Qd6 32. Ng6 Bg7 33. Rae1 Re8 34. Re2 Kh7 35. e5 Qc6 36. e6 b5 37. e7 bxc4 38. bxc4 h4 39. gxh4 gxh4 40. Rf4 Bf6 41. Re6 Qa4 42. Rxf6 Qd1+ 43. Kg2 Qe2+ 44. Kh3 Qe3+ 45. Kg4 Qe2+ 46. Kg5 Qg2+ 47. Kh5 Qe2+ 48. Rg4 Qxd3 49. Nf8+ 1-0

[Event "DOM-ch"]
[Site "Santo Domingo"]
[Date "2018.04.21"]
[Round "2"]
[White "Rymer Paulino, Domini Wilfredo"]
[Black "Feliz Dotel, Dewar Bienvenido"]
[Result "0-1"]
[WhiteElo "1921"]
[BlackElo "2042"]
[PlyCount "104"]
[EventDate "2018.04.20"]
[EventType "swiss"]
[EventRounds "11"]
[EventCountry "DOM"]
[SourceTitle "CBM 184 Extra"]
[Source "ChessBase"]
[SourceDate "2018.06.28"]
[SourceVersion "1"]
[SourceVersionDate "2018.06.28"]
[SourceQuality "1"]

1. e4 c6 2. d4 d5 3. e5 Bf5 4. c3 e6 5. Bd3 Bg6 6. Bxg6 hxg6 7. Nf3 c5 8. Bg5 Qb6 9. Qd2 Nc6 10. 0-0 Nge7 11. dxc5 Qxc5 12. Be3 Qa5 13. b4 Qc7 14. Bf4 Nf5 15. Na3 a6 16. Nc2 Be7 17. Rfe1 Rc8 18. Rac1 Nh4 19. Ncd4 0-0 20. Nxh4 Bxh4 21. Nf3 Be7 22. Bg5 Rfd8 23. Bxe7 Nxe7 24. Qg5 Rd7 25. g4 Qd8 26. Qh4 Kf8 27. Ng5 Ng8 28. Nh7+ Ke8 29. Qg3 Rc4 30. h4 Nh6 31. f3 Rdc7 32. Ng5 Rxc3 33. Rcd1 R7c4 34. Qf2 Rc2 35. Re2 Rxe2 36. Qxe2 Qb6+ 37. Kg2 Qxb4 38. Qd3 Qc3 39. Qe2 Rb4 40. Rd2 Ng8 41. Rc2 Qd4 42. Nh3 Ne7 43. Nf2 Nc6 44. Nd3 Rb1 45. Nf2 Qxe5 46. Qxe5 Nxe5 47. Rc8+ Ke7 48. Rc7+ Kd8 49. Rc2 Nc4 50. Rc3 Rb2 51. a3 Ra2 52. Rb3 b5 0-1

[Event "DOM-chT"]
[Site "Santiago de los Caballeros"]
[Date "2017.08.18"]
[Round "3.4"]
[White "Rymer Paulino, Domini Wilfredo"]
[Black "Vargas, Hector"]
[Result "1-0"]
[WhiteElo "1923"]
[BlackElo "1773"]
[PlyCount "89"]
[EventDate "2017.08.17"]
[EventType "team-swiss"]
[EventRounds "6"]
[EventCountry "DOM"]
[SourceTitle "EXT 2019"]
[Source "ChessBase"]
[SourceDate "2018.10.10"]
[SourceVersion "1"]
[SourceVersionDate "2018.10.10"]
[SourceQuality "1"]
[WhiteTeam "La Romana"]
[BlackTeam "Hermanos Vargas"]
[WhiteTeamCountry "DOM"]
[BlackTeamCountry "DOM"]

1. e4 c5 2. Nf3 d6 3. d4 cxd4 4. Nxd4 Nf6 5. Nc3 Nc6 6. Be3 g6 7. Be2 Bg7 8. 0-0 0-0 9. Nxc6 bxc6 10. Qd2 e5 11. Rad1 Ne8 12. Bc5 Be6 13. Bxd6 Nxd6 14. Qxd6 Qb6 15. Na4 Qa5 16. b3 Rad8 17. Qc5 Qc7 18. Nc3 Qb7 19. Qa5 Rxd1 20. Rxd1 f5 21. Rd6 Bf7 22. Ba6 Qe7 23. Qc5 Qg5 24. Qe3 f4 25. Qd2 Be8 26. Bc4+ Kh8 27. Nd1 Qh4 28. f3 Qe7 29. Nf2 h5 30. Be2 g5 31. a3 Rg8 32. Qb4 Qc7 33. Qc5 Kh7 34. Re6 Kh8 35. Qe7 Qxe7 36. Rxe7 a5 37. Nd3 Bf6 38. Ra7 g4 39. Rxa5 g3 40. Nxe5 gxh2+ 41. Kxh2 Rg5 42. Nc4 c5 43. e5 Bxe5 44. Ra8 Bd4 45. Rxe8+ 1-0

[Event "DOM-chT"]
[Site "Santiago de los Caballeros"]
[Date "2017.08.17"]
[Round "1.3"]
[White "Marrero Garcia, Lendry Ismael"]
[Black "Rymer Paulino, Domini Wilfredo"]
[Result "0-1"]
[WhiteElo "1677"]
[BlackElo "1923"]
[PlyCount "114"]
[EventDate "2017.08.17"]
[EventType "team-swiss"]
[EventRounds "6"]
[EventCountry "DOM"]
[SourceTitle "EXT 2019"]
[Source "ChessBase"]
[SourceDate "2018.10.10"]
[SourceVersion "1"]
[SourceVersionDate "2018.10.10"]
[SourceQuality "1"]
[WhiteTeam "Santiago de los Caballeros II"]
[BlackTeam "La Romana"]
[WhiteTeamCountry "DOM"]
[BlackTeamCountry "DOM"]

1. e4 e6 2. d4 c5 3. Nf3 Qb6 4. c3 Nf6 5. e5 Nd5 6. Bc4 Nc7 7. 0-0 d6 8. exd6 Bxd6 9. Nbd2 Nc6 10. Ne4 Be7 11. dxc5 Bxc5 12. Nd6+ Bxd6 13. Qxd6 Nb5 14. Bxb5 Qxb5 15. Rd1 f6 16. b3 Kf7 17. Ba3 Re8 18. Nd4 Nxd4 19. Rxd4 Qc6 20. Qxc6 bxc6 21. Rad1 Rb8 22. Rd6 Rb6 23. Bc5 Ra6 24. a4 e5 25. b4 Rxa4 26. Rxc6 Kg6 27. h3 Be6 28. Rc7 a6 29. Rd3 Kf5 30. Rg3 g5 31. h4 Kg6 32. hxg5 fxg5 33. Ra7 Bf5 34. Bb6 Bc2 35. Ba5 Re6 36. c4 e4 37. c5 Bd3 38. Re3 Ra1+ 39. Kh2 h5 40. Rd7 Rf6 41. Rd6 Rc1 42. Rxf6+ Kxf6 43. f3 Kf5 44. fxe4+ Bxe4 45. Re2 h4 46. Rf2+ Kg4 47. Re2 Kf5 48. Rf2+ Kg4 49. Re2 Rc4 50. Rf2 Kh5 51. Kg1 g4 52. Re2 g3 53. b5 axb5 54. Bd2 b4 55. c6 b3 56. c7 b2 57. c8Q Rxc8 0-1

[Event "DOM-ch"]
[Site "Santo Domingo"]
[Date "2017.05.07"]
[Round "11"]
[White "Rymer Paulino, Domini Wilfredo"]
[Black "King Soriano, Misael"]
[Result "1/2-1/2"]
[WhiteElo "1955"]
[BlackElo "1983"]
[PlyCount "28"]
[EventDate "2017.04.21"]
[EventType "swiss"]
[EventRounds "11"]
[EventCountry "DOM"]
[SourceTitle "EXT 2018"]
[Source "ChessBase"]
[SourceDate "2017.10.13"]
[SourceVersion "1"]
[SourceVersionDate "2017.10.13"]
[SourceQuality "1"]

1. d4 d5 2. c4 e6 3. Nc3 Nf6 4. g3 Be7 5. Bg2 c6 6. cxd5 exd5 7. Nf3 Bg4 8. Bg5 Nbd7 9. 0-0 0-0 10. Rc1 Re8 11. Qb3 Qb6 12. Qxb6 axb6 13. a3 h6 14. Bd2 b5 1/2-1/2

[Event "DOM-ch"]
[Site "Santo Domingo"]
[Date "2017.04.22"]
[Round "2"]
[White "Rymer Paulino, Domini Wilfredo"]
[Black "De Los Santos Nunez, Eddy"]
[Result "0-1"]
[WhiteElo "1955"]
[BlackElo "2128"]
[PlyCount "100"]
[EventDate "2017.04.21"]
[EventType "swiss"]
[EventRounds "11"]
[EventCountry "DOM"]
[SourceTitle "CBM 178 Extra"]
[Source "ChessBase"]
[SourceDate "2017.06.22"]
[SourceVersion "1"]
[SourceVersionDate "2017.06.22"]
[SourceQuality "1"]

1. d4 Nf6 2. c4 e6 3. Nc3 c5 4. e3 cxd4 5. exd4 d5 6. Nf3 a6 7. c5 Nc6 8. Na4 Nd7 9. Be2 b6 10. Bd2 bxc5 11. dxc5 Nxc5 12. Rc1 Nxa4 13. Qxa4 Bd7 14. Rxc6 Be7 15. Ne5 Bxc6 16. Qxc6+ Kf8 17. Qb7 Qc8 18. Qxc8+ Rxc8 19. 0-0 f6 20. Nf3 Kf7 21. Bd3 g6 22. a3 Rc6 23. Re1 Bc5 24. Kf1 Rhc8 25. Rc1 e5 26. Bb1 e4 27. Ne1 Bd4 28. Rxc6 Rxc6 29. Ba2 Ke6 30. b3 Bc3 31. Ke2 d4 32. Bxc3 Rxc3 33. Kd2 Ke5 34. Nc2 f5 35. Ne1 f4 36. f3 e3+ 37. Ke2 g5 38. b4 Kd6 39. Bb1 h6 40. g3 Rxa3 41. gxf4 Rb3 42. Be4 Rxb4 43. Nd3 Ra4 44. fxg5 hxg5 45. Ne1 Ra2+ 46. Bc2 Kc5 47. Kd3 Ra1 48. Ke2 Kb4 49. h3 Kc3 50. Bd1 Ra2+ 0-1